Bands & Artists: A-Z - Statistics

General Stats
  • This quiz has been taken 1,038 times
  • The average score is 17 of 25
Answer Stats
Hint Answer % Correct
A 'Dancing Queen' ABBA
98%
Q 'Bohemian Rhapsody' Queen
97%
B 'Hey Jude' The Beatles
96%
M 'Thriller' Michael Jackson
95%
E 'Hotel California' The Eagles
91%
O 'Wonderwall' Oasis
90%
S 'Hips Don't Lie' Shakira
87%
L 'Stairway To Heaven' Led Zeppelin
83%
P 'Another Brick In The Wall Part 2' Pink Floyd
82%
U 'With or Without You' U2
81%
W 'I Wanna Dance With Somebody' Whitney Houston
79%
R 'Paint It Black' The Rolling Stones
71%
F 'My Way' Frank Sinatra
68%
N 'Sweet Caroline' Neil Diamond
67%
J 'Purple Haze' Jimi Hendrix
66%
C 'Johnny B. Goode' Chuck Berry
61%
D 'Life On Mars?' David Bowie
58%
V 'Brown Eyed Girl' Van Morrison
57%
K 'Can't Get You Out Of My Head' Kylie Minogue
54%
T 'It's Not Unusual' Tom Jones
54%
Z 'La Grange' ZZ Top
53%
G 'Invisible Touch' Genesis
44%
H 'Power Of Love' Huey Lewis & The News
42%
I 'I Am a Passenger' Iggy Pop
29%
Y 'For Your Love' The Yardbirds
19%
No matching quizzes found
Score Distribution
Percent of People with Each Score
Percentile by Number Answered
Your Score History
You have not taken this quiz